Building maintenance price book (Record no. 121487)
[ view plain ]
| 000 -LEADER | |
|---|---|
| fixed length control field | 00831cam a22002175a 4500 |
| 008 - FIXED-LENGTH DATA ELEMENTS--GENERAL INFORMATION | |
| fixed length control field | 230516s2021 xxk f 001 0 eng d |
| 020 ## - INTERNATIONAL STANDARD BOOK NUMBER | |
| International Standard Book Number | 9781783214105 |
| 041 0# - LANGUAGE CODE | |
| Language code of text/sound track or separate title | eng |
| 050 04 - LIBRARY OF CONGRESS CALL NUMBER | |
| Classification number | 692.5 |
| 110 2# - MAIN ENTRY--CORPORATE NAME | |
| Corporate name or jurisdiction name as entry element | Building Cost Information Service |
| 9 (RLIN) | 1096 |
| 245 00 - TITLE STATEMENT | |
| Title | Building maintenance price book |
| Remainder of title | 2021 |
| 250 ## - EDITION STATEMENT | |
| Edition statement | 41st ed. |
| 260 ## - PUBLICATION, DISTRIBUTION, ETC. | |
| Place of publication, distribution, etc. | London |
| Name of publisher, distributor, etc. | BCIS |
| Date of publication, distribution, etc. | March 2021 |
| 300 ## - PHYSICAL DESCRIPTION | |
| Extent | 309p. |
| Other physical details | spiral bound |
| Dimensions | 21cm |
| 520 ## - SUMMARY, ETC. | |
| Summary, etc. | Provides realistic expectations on costs for repair work as well as a sound source of maintenance cost information for estimating and pricing. It is used widely for assessing competitive tenders and as a schedule for letting work on measured term contracts. |
| 520 ## - SUMMARY, ETC. | |
| Summary, etc. | Supersedes 40th edition |
| 521 ## - TARGET AUDIENCE NOTE | |
| Target audience note | Advanced |
| 651 #4 - SUBJECT ADDED ENTRY--GEOGRAPHIC NAME | |
| Geographic name | United Kingdom |
| 690 ## - LOCAL SUBJECT ADDED ENTRY--TOPICAL TERM (OCLC, RLIN) | |
| Topical term or geographic name as entry element | Cost management |
| 9 (RLIN) | 6233 |
| 942 ## - ADDED ENTRY ELEMENTS (KOHA) | |
| Suppress in OPAC | 0 |
| Source of classification or shelving scheme | Dewey Decimal Classification |
| Withdrawn status | Lost status | Source of classification or shelving scheme | Damaged status | Not for loan | Home library | Current library | Shelving location | Date acquired | Total Checkouts | Full call number | Date last seen | Price effective from | Koha item type | Public note |
|---|---|---|---|---|---|---|---|---|---|---|---|---|---|---|
| Dewey Decimal Classification | London | London | BCIS/BMI publications | 16/05/2023 | BCIS | 16/05/2023 | 16/05/2023 | Book | To request extracts (max 5%) please email [email protected] |